| 000 | 01481nam a2200349 i 4500 | ||
|---|---|---|---|
| 003 | EG-GICUC | ||
| 005 | 20260121130322.0 | ||
| 008 | 260120s1977 ua ad||f |||| 00| 0 ara d | ||
| 040 |
_a EG-GICUC _bara _c EG-GICUC _d EG-GICUC _erda |
||
| 041 | _aara | ||
| 082 | 0 | 4 |
_221 _a345.4 _bم ح . د |
| 092 | 0 | 4 | _221 |
| 099 | _aLaw1 07 345.4 م ح . د 1977 | ||
| 100 | 0 |
_aمحمد عبد الرحمن _eمترجم. |
|
| 245 | 1 | 0 |
_aدراسة العمل من الناحية التطبيقية / _cعرض وترجمة محمد عبد الرحمن . |
| 264 | 1 |
_aالقاهرة : _bالمنظمة العربية للعلوم الإدارية ، _c1977 . |
|
| 300 |
_a110 ؛ صفحة _bإيضاحيات، جداول، رسوم بيانية ؛ _c24 سم |
||
| 336 |
_2rda content _atext |
||
| 337 |
_2rda media _aComputer |
||
| 338 |
_2rda carrier _aOnline Resource |
||
| 490 |
_aسلسلة الفكر الإداري المعاصر _v16 |
||
| 504 | _aيشتمل على ببليوجرافيا | ||
| 504 | _aيشتمل على إرجاعات ببليوجرافية | ||
| 505 | _aBrief Introduction to the practice of work study Lic. W. Nelis. (1968) "Philips Teachnical Library" | ||
| 650 | 1 | 4 |
_aالوظائف العامة _2qrmak |
| 650 | 1 | 4 | _aالقانون الإداري |
| 651 | 1 | _2qrmak | |
| 830 |
_aسلسلة الفكر الإداري المعاصر _v16 |
||
| 856 | 4 | 0 | _uhttps://fll.law.cu.edu.eg/fulltext/bks/B07-00209.pdf |
| 905 | _a61 | ||
| 942 |
_2ddc _cBK _e21 _n0 |
||
| 999 |
_c58299 _d58299 |
||